Ortaçağ Yazıları/ (Record no. 13788)

MARC details
000 -BAŞLIK
Sabit Uzunlukta Kontrol Alanı 00636nam a22002057a 4500
999 ## - SİSTEM KONTROL NUMARALARI (KOHA)
Koha Biblionumber 13788
Koha Biblioitemnumber 13788
003 - KONTROL NUMARASI IDENTIFIER
Denetim Alanı MIRAKIL
005 - SON İŞLEM TARİHİ VE ZAMANI
Denetim Alanı 20200222125130.0
008 - SABİT-BOY VERİ ELEMANLARI - GENEL BİLGİLER
Sabit Uzunlukta Kontrol Alanı 200222b tu ||||| |||| 00| 0 tur d
040 ## - KATALOGLAMA KAYNAK
Orijinal Kataloglama Ajansı TR-AnCHP
Metne Dönüştürmek Ajansı TR-AnCHP
041 ## - DİL KODU
Metin / Ses Parça Veya Ayrı Başlığın Dil Kodu Tur
082 ## - DEWEY ONLU SINIFLANDIRMA NUMARASI
Sınıflandırma Numarası 189
Ürün Numarası Ç67o 1993
100 ## - ANA GİRİŞ - KİŞİSEL İSİM
Kişisel Ad Çotuksöken, Betül
245 10 - BAŞLIK TABLOSU
Başlık Ortaçağ Yazıları/
Sorumluluk Tablosu, Vb Betül Çotuksöken.
260 ## - YAYIN, DAĞITIM, VB
Yayın, Dağıtım, Vb Yeri İstanbul;
Yayıncı, Dağıtıcı, Vs Adı Kabalcı Yayınevi,
Yayın, Dağıtım, Vb Tarihi 1993.
300 ## - FİZİKSEL TANIM
Kapsam 223 s. :
Boyutlar 19.5 sm.
490 0# - SERİSİ TABLOSU
Seri Beyanı Kabalcı Yayınları ;
Hacim / Ardışık Tanımı 26
650 #0 - KONU KATMA GİRİŞ - TOPİKAL DÖNEM
9 (RLIN) 34
Topikal Süreli Veya Coğrafi Ad Giriş Elemanı Felsefe
Genel Alt Bölümü Ortaçağ
856 ## - ELEKTRONİK YER VE ERİŞİM
Kamu Notu Dijital Nüshası için Partimizin Kütüphane Sorumlusu ile iletişime geçiniz.
942 ## - EKLENDİ GİRİŞ ELEMANLARI (KOHA)
Sınıflandırma Veya Raf Düzeni Kaynak Dewey Decimal Classification
Koha Öğesi Türü Books
Holdings
Kalıcı Konum Mevcut Konum Edinme Tarihi Toplam Check-Out'Lar Tam Çağrı Numarası Barkod Tarih Son Görülme İtibaren Geçerli Fiyatlar Koha Öğesi Türü
Parti Okulu Kütüphanesi Parti Okulu Kütüphanesi 02/22/2020   189 Ç67o 1993 P00 596 02/22/2020 02/22/2020 Books